00361nam a2200145 a 4500008004100000020001500041050001500056100001700071245003500088250001200123260002800135300002100163350000900184650002200193120416s1980 ||||||||||||||||| || u a0333227549 aHB 871 Cla aClark, Colin10aPopulation growth and land use a2nd ed. aLondonbMacmillanc1980 aix, 415p. : ill. a0.00 aPOPULATION GROWTH